[Event "Kassel op"]
[Site "Kassel"]
[Date "1996.??.??"]
[Round "4"]
[White "Goemann, Jens"]
[Black "Krallmann, Matthias"]
[Result "0-1"]
[WhiteElo "2150"]
[BlackElo "2240"]

1.c4 c5 2.Nf3 Nf6 3.g3 b6 4.Bg2 Bb7 5.O-O e6 6.Nc3 a6 7.Re1 d6 8.e4 Qc7 9.d4 cxd4
10.Nxd4 Be7 11.Be3 Nbd7 12.Rc1 O-O 13.f4 Rfe8 14.f5 Bd8 15.b3 Rc8 16.g4 Nc5
17.fxe6 fxe6 18.Bf2 h6 19.Bg3 Ncd7 20.h3 Qb8 21.Qd2 Ne5 22.Kh1 Nfd7 23.Rc2 Bg5
24.Qd1 Ng6 25.Rf1 Nde5 26.Nf3 Bf4 27.Nxe5 Bxe5 28.Qd3 Rf8 29.Rxf8+ Rxf8 30.Ne2 Qa8
31.Rd2 Bxg3 32.Qxg3 Bxe4 33.Rxd6 Nh4 34.Nf4 Rxf4 35.Qxf4 Bxg2+ 36.Kh2 Bh1
37.Qf2 Ng6 38.Qd2 Kh7 39.Kg3 Qb8 40.Kf2 Qf8+ 41.Ke1 Be4 42.Rxe6 Qf3  0-1

[Event "JUG-ch sf"]
[Site "Kladovo"]
[Date "1996.??.??"]
[Round "?"]
[White "Cabrilo, Goran"]
[Black "Mijailovic, Zoran"]
[Result "1-0"]
[WhiteElo "2490"]
[BlackElo "2360"]

1.c4 c5 2.Nf3 Nf6 3.g3 b6 4.Bg2 Bb7 5.O-O e6 6.Nc3 Be7 7.b3 d5 8.e3 O-O 9.Bb2 dxc4
10.bxc4 Ne4 11.Qc2 Nxc3 12.Bxc3 Nc6 13.Rad1 Nb4 14.Bxb4 cxb4 15.Ng5 Bxg5
16.Bxb7 Rb8 17.Be4 g6 18.d4 Qc7 19.f4 Be7 20.Rc1 Rbc8 21.Bf3 Rfd8 22.Rfd1 a5
23.Kg2 Qa7 24.e4 Rc7 25.e5 a4 26.Qe2 b3 27.axb3 a3 28.d5 exd5 29.cxd5 Rxc1
30.Rxc1 Bc5 31.d6 Kg7 32.b4 Bd4 33.Rc7 Qa4 34.Qc4  1-0

[Event "Le Touquet op"]
[Site "Le Touquet"]
[Date "1996.??.??"]
[Round "?"]
[White "Foisor, Cristina Adela B"]
[Black "Levin, Felix"]
[Result "1-0"]
[WhiteElo "2370"]
[BlackElo "2480"]

1.c4 b6 2.Nf3 Bb7 3.g3 c5 4.Bg2 Nf6 5.O-O e6 6.Nc3 Be7 7.b3 d6 8.Bb2 a6 9.e3 O-O
10.Qe2 Nbd7 11.Rfd1 Ra7 12.d4 Qa8 13.Ne1 Bxg2 14.Nxg2 Ne8 15.d5 e5 16.e4 Nc7
17.Ne3 g6 18.f4 Bf6 19.f5 Bg5 20.Ng2 b5 21.h4 Bh6 22.Rf1 bxc4 23.bxc4 Rb7
24.g4 Qb8 25.Nd1 Bf4 26.Nxf4 exf4 27.Rxf4 Re8 28.f6 Ne5 29.Rf2 Na8 30.Bxe5 Rxe5
31.Nb2 Qf8 32.Nd3 Re8 33.h5 Nb6 34.hxg6 fxg6 35.Raf1 Rf7 36.g5 Nd7 37.Qg4 Ne5
38.Nxe5 Rxe5 39.Rb1 h6 40.gxh6 Qxh6 41.Rb8+ Kh7 42.Rh2 Rh5 43.Rxh5 Qxh5 44.Qxh5+ gxh5
45.e5 dxe5 46.Re8 Rxf6 47.Rxe5 Rf4 48.d6 Rxc4 49.Rxh5+ Kg6 50.Rd5 Rg4+ 51.Kf2 Rf4+
52.Ke3 Rf8 53.Ke4 Rd8 54.Rd2  1-0

[Event "Leiner op"]
[Site "Leiner"]
[Date "1996.??.??"]
[Round "2"]
[White "Stuhlik, Marko"]
[Black "Henc, Renata"]
[Result "1-0"]
[WhiteElo "2225"]
[BlackElo "2115"]

1.c4 Nf6 2.Nf3 e6 3.g3 b6 4.Bg2 Bb7 5.O-O c5 6.d4 cxd4 7.Qxd4 Nc6 8.Qf4 d5
9.Nc3 dxc4 10.Rd1 Nd5 11.Nxd5 exd5 12.Ng5 Qf6 13.Bxd5 Qxf4 14.Bxf4 Nd8 15.Bxc4 h6
16.Bb5+ Ke7 17.Rd7+ Kf6 18.Nxf7 Nxf7 19.Rxb7 g5 20.Be3 Bd6 21.Bd4+  1-0

[Event "Leiner op"]
[Site "Leiner"]
[Date "1996.??.??"]
[Round "2"]
[White "Spindelboeck, Gernot"]
[Black "Kranz, Armin"]
[Result "0-1"]
[WhiteElo "2230"]
[BlackElo "2125"]

1.Nf3 Nf6 2.c4 e6 3.g3 b6 4.Bg2 Bb7 5.O-O c5 6.b3 Be7 7.Bb2 O-O 8.Nc3 a6
9.d4 cxd4 10.Qxd4 d6 11.e4 Nbd7 12.Rad1 Qc7 13.Qe3 Rad8 14.Nd4 Qb8 15.Qe2 Rfe8
16.Rfe1 Qa8 17.Nc2 Nc5 18.b4 Ncd7 19.f4 h5 20.h3 g6 21.e5 dxe5 22.fxe5 Nh7
23.Bxb7 Qxb7 24.Ne4 Ng5 25.Nxg5 Bxg5 26.Nd4 Nb8 27.h4 Be7 28.a3 Rd7 29.Kh2 Red8
30.Rd3 Bf8 31.Red1 Qc7 32.R3d2 Bh6 33.Rd3 Qxc4 34.Qf3 Qa2 35.Qg2 Nc6 36.Qxc6 Qxb2+
37.Qg2 Qxg2+ 38.Kxg2 Bg7  0-1

[Event "Leiner op"]
[Site "Leiner"]
[Date "1996.??.??"]
[Round "6"]
[White "Stuhlik, Marko"]
[Black "Horvath, Sandor"]
[Result "1/2-1/2"]
[WhiteElo "2225"]
[BlackElo "2295"]

1.Nf3 Nf6 2.c4 e6 3.g3 b6 4.Bg2 Bb7 5.O-O c5 6.Nc3 Be7 7.d4 cxd4 8.Qxd4 Nc6
9.Qd3 O-O 10.Rd1 d6 11.b3 a6 12.e4 Qc7 13.Bg5 h6 14.Bd2 Nd7 15.Qe2 Nc5 16.Rac1 Bf6
17.Bf4 Ne5 18.Ne1 Rfd8 19.Be3 Rac8 20.f3 Bc6 21.f4 Ned7 22.Bd4 Bxd4+ 23.Rxd4 e5
24.fxe5 dxe5 25.Rdd1 Nf6 26.Nd5 Bxd5 27.cxd5 a5 28.Nd3 Qd6 29.Bh3 Rc7 30.Nf2 Ncd7
31.Rc2 Rdc8 32.Rdc1 Rxc2 33.Rxc2 Rc5 34.Bxd7 Nxd7 35.Nd3 Rxc2 36.Qxc2 Nf6
37.Qc6 Nxe4 38.Qe8+ Kh7 39.Qxe5 Qxe5 40.Nxe5 Kg8 41.Nc4 Nc3 42.Nxb6 Nxa2
43.Nc4 Nb4 44.d6 Nc6 45.d7 Kf8 46.Nxa5 Nd8 47.Kf2 Ke7 48.Ke3 Kxd7 49.Kd4  1/2-1/2

[Event "Wch U26"]
[Site "Leon"]
[Date "1996.??.??"]
[Round "2"]
[White "Cacho Reigadas, Sergio"]
[Black "Kupper, Patrick"]
[Result "1-0"]
[WhiteElo "2410"]
[BlackElo "2310"]

1.Nf3 Nf6 2.c4 c5 3.g3 b6 4.Bg2 Bb7 5.O-O e6 6.Nc3 d6 7.Re1 Be7 8.e4 a6 9.d4 cxd4
10.Nxd4 Qc7 11.Be3 O-O 12.Rc1 Re8 13.f4 Bf8 14.b4 Nfd7 15.Nb3 Nc6 16.a3 Rad8
17.Nd5 Qb8 18.Nxb6 Nf6 19.Bf2 g6 20.b5 Ne7 21.Na5 e5 22.fxe5 dxe5 23.Qf3 Bg7
24.c5 Bxe4 25.Rxe4 Nxe4 26.Qxe4 axb5 27.Nb7 Rd2 28.Be3 f5 29.Qb4 Rxg2+ 30.Kxg2 Qxb7+
31.Kg1 f4 32.Qxb5 Rd8 33.Qc4+ Kh8 34.c6 Nxc6 35.Qxc6 Rd1+ 36.Kg2 Qxc6+ 37.Rxc6 fxe3
38.Rc8+ Bf8 39.Kf3 Kg7 40.Nc4 Ra1 41.Rc7+ Kf6 42.Kxe3 Bxa3 43.Rxh7 Bc5+ 44.Kd3 Rd1+
45.Ke2 Rd4 46.Nd2 Ra4 47.Rc7 Bd4 48.Kf3 Ra3+ 49.Kg4 Ra4 50.Ne4+ Ke6 51.Ng5+ Kd5
52.Rd7+ Kc4 53.h4 Kd3 54.Rd6 e4 55.Ne6 Kc3 56.Nxd4 Rxd4 57.Rxg6 Kd2 58.Re6 e3+
59.Kf3 Rd8 60.g4 Rf8+ 61.Kg3 e2 62.h5 e1=Q+ 63.Rxe1 Kxe1 64.h6 Ke2 65.g5 Rf1
66.h7 Rh1 67.g6 Ke3 68.g7 Rg1+ 69.Kh2 Rxg7 70.h8=Q  1-0

[Event "London"]
[Site "London"]
[Date "1996.??.??"]
[Round "9"]
[White "Martin, Benjamin"]
[Black "Bakre, Tejas"]
[Result "1/2-1/2"]
[WhiteElo "2375"]
[BlackElo "2170"]

1.Nf3 Nf6 2.g3 b6 3.Bg2 Bb7 4.O-O e6 5.c4 c5 6.Nc3 Be7 7.b3 O-O 8.d4 cxd4
9.Qxd4 Nc6 10.Qd2 a6 11.Bb2 Rc8 12.Rac1 Nb8 13.Qd3 Qc7 14.Rfd1 d6 15.Ng5 Bxg2
16.Kxg2 h6 17.Nge4 Rfd8 18.Kg1 Nbd7 19.Rd2 Nc5 20.Qe3 Ncxe4 21.Nxe4 Nxe4
22.Qxe4 Qb8 23.Rcd1 b5 24.Qg4 Bf8 25.cxb5 Qxb5 26.e4 Rc6 27.Kg2 Rdc8 28.Qe2 Qxe2
29.Rxe2 Rc2 30.Rdd2 Rxd2 31.Rxd2 f6 32.Kf3 Kf7 33.Ke3 g6 34.Ba3 Rc6 35.Kd4 f5
36.f3 h5 37.Kd3 Bg7 38.Rc2 Rxc2 39.Kxc2 fxe4 40.fxe4 d5 41.exd5 exd5 42.Bb2 Bf8
43.h3 Ke6 44.g4 hxg4 45.hxg4 Kd7 46.Kd3 Kc6 47.Bc3 Bc5 48.a4 Be7 49.Bd4 Bd6
50.Bc3 Be7 51.b4 Bf8 52.Ke3 Bd6 53.Kd4 Bf4 54.Be1 Kd6 55.Bf2 Be5+ 56.Kd3 Kc6
57.Bc5 Bf6 58.Bf8 Bh8 59.Be7 Bg7 60.Bg5 Bf8 61.Bd2 Bg7 62.Bc3 Bf8 63.Ke3 Bd6
64.Kd4 Bf4 65.b5+ axb5 66.axb5+ Kxb5 67.Kxd5 Be3 68.Ke6 Kc6 69.Kf7 Kd7 70.Kxg6 Ke6
71.Bg7 Bd2 72.Kh7 Bg5 73.Bh6 Kf6 74.Bf8 Kf7 75.Bh6 Kf6 76.Bf8 Kf7 77.Bg7 Ke6
78.Kg6 Bd2 79.Bh6 Bc3 80.Kh7 Bf6 81.g5  1/2-1/2

[Event "Manresa op"]
[Site "Manresa"]
[Date "1996.??.??"]
[Round "2"]
[White "Torralba, J."]
[Black "Kovacevic, Slobodan"]
[Result "1-0"]
[WhiteElo "2115"]
[BlackElo "2385"]

1.c4 c5 2.Nf3 b6 3.g3 Bb7 4.Bg2 Nf6 5.O-O e6 6.Nc3 a6 7.Re1 d6 8.e4 Qc7 9.b3 Be7
10.Bb2 O-O 11.d4 cxd4 12.Nxd4 Nbd7 13.f4 Rfd8 14.f5 e5 15.Nc2 b5 16.Ne3 bxc4
17.Rc1 Nb6 18.bxc4 Rdc8 19.c5 dxc5 20.Ncd5 Bxd5 21.exd5 Bd6 22.g4 h6 23.h4 Nh7
24.f6 Nxf6 25.Nf5 Nbd7 26.g5 hxg5 27.hxg5 Nh7 28.Qg4 g6 29.Nh6+ Kg7 30.Be4 Rf8
31.Rf1 Rae8 32.Rc2 Qd8 33.Bc1 c4 34.Nf5+ Kg8 35.Rh2 f6 36.Qh3 Re7 37.Nxe7+ Qxe7
38.Bxg6 Rf7 39.Bxf7+ Qxf7 40.g6 Bc5+ 41.Rff2 Qxg6+ 42.Rg2 Bxf2+ 43.Kxf2 Ng5
44.Bxg5 fxg5 45.Qxd7 Qb6+ 46.Kf3 Qf6+ 47.Ke2 Qf4 48.Qe6+ Kg7 49.Qg4 Kg6 50.Qxf4 exf4
51.d6 Kf6 52.d7 Ke7 53.d8=Q+  1-0

[Event "Wch U20"]
[Site "Medellin"]
[Date "1996.??.??"]
[Round "11"]
[White "Iordachescu, Viorel"]
[Black "Pcola, Pavel"]
[Result "1-0"]
[WhiteElo "2460"]
[BlackElo "2450"]

1.c4 e6 2.Nf3 Nf6 3.g3 b6 4.Bg2 Bb7 5.O-O c5 6.Nc3 Be7 7.d4 cxd4 8.Qxd4 Nc6
9.Qf4 O-O 10.Rd1 d6 11.b3 Qb8 12.Bb2 Rd8 13.Rd2 Nb4 14.Rad1 e5 15.Qf5 g6
16.Qh3 h5 17.Ng5 d5 18.cxd5 Bc8 19.Qh4 Nh7 20.d6 Bxg5 21.Qxb4 Bxd2 22.Rxd2 Bb7
23.Nd5 a5 24.Ne7+ Kf8 25.Qc3 Rxd6 26.Rxd6 Qxd6 27.Bxb7 Rb8 28.Nd5 Ng5 29.Qc6 Qxc6
30.Bxc6 Rc8 31.Bb5 Rc2 32.Bxe5 Rxa2 33.Nxb6 Ke7 34.Bc4 Rd2 35.Bc3 Rd1+ 36.Kg2 Ne4
37.Bxa5 g5 38.f3 Nd2 39.Nd5+  1-0

[Event "Wch U20"]
[Site "Medellin"]
[Date "1996.??.??"]
[Round "12"]
[White "Kempinski, Robert"]
[Black "Lauber, Arnd"]
[Result "1/2-1/2"]
[WhiteElo "2510"]
[BlackElo "2380"]

1.Nf3 Nf6 2.c4 b6 3.g3 e6 4.Bg2 Bb7 5.O-O c5 6.b3 Be7 7.Bb2 O-O 8.d4 cxd4
9.Qxd4 d6 10.Nc3 a6 11.Rfd1 Nbd7 12.Rac1 Qc7 13.h3 Rfd8 14.g4 Rac8 15.g5 Nh5
16.Qg4 g6 17.h4 Qb8 18.Ne4 Nc5 19.Nf6+ Bxf6 20.Bxf6 Nxf6 21.gxf6 Ne4 22.Qf4 e5
23.Qe3 Nxf6 24.Qxb6 Nh5 25.Ng5 Bxg2 26.Qxb8 Rxb8 27.Kxg2 d5 28.cxd5 Nf4+
29.Kf3 Nxd5 30.Rc5 Ne7 31.Rxd8+ Rxd8 32.Ra5 Nf5 33.Rxa6 Nxh4+ 34.Ke4 Rd2
35.Ke3 Rc2 36.Ra8+ Kg7 37.Ra7 Ng2+ 38.Kf3 Ne1+ 39.Kg3 Rxe2 40.Rxf7+ Kg8 41.Re7 Nd3
42.Nxh7 Rxf2 43.Rd7 Rf1 44.Rxd3 Kxh7 45.b4 Ra1 46.Ra3 Rg1+ 47.Kf2 Rh1 48.Ra7+ Kh6
49.a4 Rb1 50.Rb7 Ra1 51.a5 g5 52.Kf3 Ra3+ 53.Kg4 e4 54.Rb6+ Kg7 55.a6 e3
56.Kg3 e2+ 57.Kf2 Ra2 58.b5 g4 59.Re6 g3+ 60.Kxg3 Ra5 61.a7 Rxa7 62.Rxe2 Ra3+
63.Kf4 Rb3 64.Re7+ Kf6 65.Rb7 Ke6 66.Ke4 Rb4+ 67.Kd3 Kd5 68.Kc3 Rb1 69.Rb8 Kc5
70.Rh8 Rxb5 71.Rh5+ Kc6 72.Rxb5 Kxb5  1/2-1/2

[Event "Mondariz op"]
[Site "Mondariz"]
[Date "1996.??.??"]
[Round "?"]
[White "Franco Ocampo, Zenon"]
[Black "Guimaraes, Jorge"]
[Result "1/2-1/2"]
[WhiteElo "2470"]
[BlackElo "2340"]

1.Nf3 Nf6 2.c4 c5 3.g3 b6 4.Bg2 Bb7 5.O-O e6 6.Nc3 Be7 7.b3 O-O 8.Bb2 a6
9.d4 cxd4 10.Nxd4 Bxg2 11.Kxg2 Qc7 12.e3 Nc6 13.Nxc6  1/2-1/2

[Event "JUG-ch op"]
[Site "Nis"]
[Date "1996.??.??"]
[Round "1"]
[White "Arsovic, Zoran"]
[Black "Roganovic, Milan"]
[Result "1-0"]
[WhiteElo "2460"]
[BlackElo "2180"]

1.Nf3 Nf6 2.c4 c5 3.g3 b6 4.Bg2 Bb7 5.O-O e6 6.Nc3 Be7 7.b3 O-O 8.Bb2 d5
9.e3 Nc6 10.Qe2 Qd7 11.Rfd1 Rad8 12.d4 Qc8 13.Rac1 cxd4 14.exd4 dxc4 15.bxc4 Qa8
16.d5 exd5 17.cxd5 Bc5 18.dxc6 Bxc6 19.Nh4 Rde8 20.Qc4 g5 21.Nd5 Nxd5 22.Nf5 Re6
23.Bxd5 Bxd5 24.Qxd5 Qxd5 25.Rxd5 Rfe8 26.Bd4 Bxd4 27.Nxd4 Re1+ 28.Rxe1 Rxe1+
29.Kg2 Rd1  1-0

[Event "Nova Gorica"]
[Site "Nova Gorica"]
[Date "1996.??.??"]
[Round "8"]
[White "Tratar, Marko"]
[Black "Gostisa, Leon"]
[Result "1-0"]
[WhiteElo "2405"]
[BlackElo "2425"]

1.Nf3 Nf6 2.c4 e6 3.g3 b6 4.Bg2 Bb7 5.O-O c5 6.Nc3 d6 7.d4 cxd4 8.Qxd4 a6
9.Rd1 Nbd7 10.Ng5 Bxg2 11.Kxg2 Rc8 12.Nge4 Rc6 13.b3 Be7 14.Bb2 O-O 15.Rac1 Qa8
16.f3 Rfc8 17.Ba3 Ne8 18.Qd2 Qb8 19.Nf2 Bf8 20.Nd3 R6c7 21.e4 Qb7 22.Bb4 h6
23.Ne2 Be7 24.Nf2 Nc5 25.Qe3 Bg5 26.f4 Be7 27.Qf3 Nf6 28.Bxc5 Rxc5 29.a4 R5c7
30.Nc3 Nd7 31.Ne2 Nc5 32.Nd4 Bf6 33.Rd2 Be7 34.Rcd1 g6 35.h4 h5 36.Rb1 Bf8
37.Re1 Bh6 38.Ne2 Rd8 39.Red1 Rcd7 40.Nd4 e5 41.Ne2 Ne6 42.Rd5 exf4 43.gxf4 Bg7
44.Nh3 Nc7 45.R5d3 b5 46.axb5 axb5 47.e5 Qb6 48.Ng5 bxc4 49.bxc4 Qb4 50.Qc6 f6
51.exd6 Re8 52.Ng3  1-0

[Event "Komercni Banka op"]
[Site "Pardubice"]
[Date "1996.??.??"]
[Round "4"]
[White "Reznicek, Jan"]
[Black "Reinhard, Markus"]
[Result "1-0"]
[WhiteElo "2255"]
[BlackElo "2150"]

1.Nf3 c5 2.c4 Nf6 3.g3 b6 4.Bg2 Bb7 5.O-O e6 6.Nc3 Be7 7.Re1 d6 8.e4 a6 9.d4 cxd4
10.Nxd4 Qc7 11.Be3 O-O 12.Rc1 Nbd7 13.h3 Rac8 14.Qe2 Rfe8 15.b3 Qb8 16.f4 b5
17.cxb5 axb5 18.Ndxb5 Ba6 19.a4 Nc5 20.Rb1 d5 21.exd5 exd5 22.Nxd5 Nxd5 23.Bxd5 Bf8
24.Rbc1 Rcd8 25.Qc4 Ne6 26.Bf2 Rc8 27.Qf1 Rcd8 28.Bc6 Re7 29.Red1 Rc7 30.Qg2 Bxb5
31.axb5 Ba3 32.Ra1 Bc5 33.Rxd8+ Qxd8 34.Bxc5 Nxc5 35.Ra8 Rc8 36.Rxc8 Qxc8
37.Qd5 Ne6 38.Qd7 Qb8 39.Qe8+ Qxe8 40.Bxe8 Nc7 41.b6 Na6 42.Bb5 Nb8 43.Kf2 Kf8
44.Ke3 Ke7 45.Kd4 Kd6 46.g4 f6 47.h4 h6 48.h5  1-0

[Event "Polanica Zdroj op"]
[Site "Polanica Zdroj"]
[Date "1996.??.??"]
[Round "?"]
[White "Nowak, Rafal"]
[Black "Szopieraj, Dariusz"]
[Result "1-0"]
[WhiteElo "2180"]
[BlackElo "2155"]

1.c4 Nf6 2.g3 e6 3.Nf3 b6 4.Bg2 Bb7 5.O-O c5 6.Nc3 Be7 7.d4 cxd4 8.Nxd4 Bxg2
9.Kxg2 Qc8 10.Qd3 Nc6 11.Nxc6 Qxc6+ 12.e4 O-O 13.f3 Rfd8 14.Rd1 Rac8 15.b3 d6
16.Ba3 Nd7 17.Rac1 Nc5 18.Qe2 Bf6 19.Nb5 Rd7 20.Bb2 Bxb2 21.Qxb2 a6 22.Nd4 Qb7
23.Rc2 d5 24.cxd5 exd5 25.Nf5 f6 26.Rxd5 Rxd5 27.exd5 Qd7 28.Ne3 Re8 29.Qd4 Qe7
30.Kf2 Qd7 31.b4 Qa4 32.d6 Nd7 33.Rd2 Ne5 34.Qxb6 Qd7 35.Qd4 Qh3 36.Qd5+ Kh8
37.Nf1 h5 38.a4 Rc8 39.d7 Rd8 40.f4 Qxd7 41.Qxd7 Nxd7 42.Rd6 a5 43.Ne3 axb4
44.Ke2 b3 45.Kd2 Rb8 46.Kc1 Nc5 47.a5 b2+ 48.Kb1 Na4 49.Nd1 Ra8 50.a6 h4
51.Rc6 hxg3 52.hxg3 Rb8 53.a7 Ra8 54.Rc7 Nb6 55.Rb7 Nc8 56.Rb8 Rxa7 57.Rxc8+ Kh7
58.Kxb2 Re7 59.Kc1 Re2 60.Rc2 Re1 61.Rg2 Kg6 62.Kd2 Re8 63.Ne3 Re7 64.Ke2 Ra7
65.Kf3 Ra3 66.Rb2 Kh6 67.Rb7 g5 68.Re7  1-0

[Event "Polanica Zdroj op"]
[Site "Polanica Zdroj"]
[Date "1996.??.??"]
[Round "6"]
[White "Gritsak, Orest"]
[Black "Kislov, Sergey"]
[Result "1/2-1/2"]
[WhiteElo "2410"]
[BlackElo "2335"]

1.Nf3 Nf6 2.c4 e6 3.g3 b6 4.Bg2 Bb7 5.O-O c5 6.Nc3 Be7 7.d4 cxd4 8.Qxd4 d6
9.Bg5 a6 10.Bxf6 Bxf6 11.Qf4 O-O 12.Rfd1 Be7 13.Ne4 Bxe4 14.Qxe4 Ra7 15.Rac1 Qc8
16.Qe3 Qc5 17.Qd2 Nc6 18.e3 Rc8 19.b3 Rac7 20.Ne1 Qa3 21.Nd3  1/2-1/2

[Event "Regensburg op"]
[Site "Regensburg"]
[Date "1996.??.??"]
[Round "4"]
[White "Schlosser, Philipp"]
[Black "Pohl Kuemmel, Jens Uwe"]
[Result "1-0"]
[WhiteElo "2540"]
[BlackElo "2275"]

1.Nf3 Nf6 2.c4 e6 3.g3 b6 4.Bg2 Bb7 5.O-O c5 6.Nc3 Be7 7.Re1 O-O 8.e4 d6
9.d4 cxd4 10.Nxd4 Ne8 11.Be3 a6 12.f4 Nd7 13.Rc1 Rc8 14.b3 Rc7 15.f5 e5 16.Nc2 b5
17.Nd5 Bxd5 18.cxd5 Bg5 19.Nb4 Bxe3+ 20.Rxe3 Rxc1 21.Qxc1 Qb6 22.Nc6 Nef6
23.Bf3 Nc5 24.Kg2 b4 25.g4 a5 26.g5 Nfd7 27.Bg4 Ra8 28.f6 Nf8 29.Ne7+ Kh8
30.fxg7+ Kxg7 31.Qf1 Nfd7 32.Bxd7 Nxd7 33.Rh3 Rh8 34.Nf5+ Kf8 35.Nh6 f6 36.Qf5 Qd8
37.Qe6 Qe7 38.Nf5 Qxe6 39.dxe6 Nc5 40.e7+ Kf7 41.g6+  1-0

[Event "DLM U20"]
[Site "Schoeneck"]
[Date "1996.??.??"]
[Round "4"]
[White "Wilhelmi, Christian"]
[Black "Richter, Michael"]
[Result "1/2-1/2"]
[WhiteElo "2355"]
[BlackElo "2205"]

1.Nf3 Nf6 2.g3 b6 3.Bg2 Bb7 4.O-O e6 5.c4 c5 6.Nc3 Be7 7.Re1 d5 8.cxd5 exd5
9.d4 O-O 10.Bf4 Nc6 11.Rc1 Ne4 12.dxc5 Nxc3 13.bxc3 Bxc5 14.Qd3 h6 15.Rcd1 Qf6
16.Qxd5 Rad8 17.Qb3 g5 18.Bc1 Na5 19.Qc2 Rc8 20.Qd3 Bc6 21.Nd4 Ba4 22.Rd2 Rfd8
23.e4 Nc6 24.Qa6 Nxd4 25.cxd4 Bb4 26.Qxa4 Bxd2 27.Bxd2 Qxd4 28.Qxd4 Rxd4
29.Be3 Ra4 30.Re2 Rd8 31.e5 Rd1+ 32.Bf1 Rb4 33.f3 Rbb1 34.Rf2 Rd3 35.Bd2 Ra3
36.Kg2 b5 37.f4 Rxa2 38.f5 Rbb2 39.Be3 Rxf2+ 40.Bxf2 b4 41.e6 fxe6 42.Bc4 Rc2
43.Bb3 Rb2 44.Bxe6+ Kg7 45.g4 b3 46.Kf3 Rd2 47.Bxb3 Rd3+ 48.Ke4 Rxb3 49.Bxa7 Rh3
50.Bd4+ Kf7 51.Be5 h5 52.gxh5 Rxh5 53.Kf3 Rh4 54.Ke3  1/2-1/2

[Event "Seefeld op"]
[Site "Seefeld"]
[Date "1996.??.??"]
[Round "?"]
[White "Holl, Hans Peter"]
[Black "Rist, Manfred"]
[Result "1/2-1/2"]
[WhiteElo "2135"]
[BlackElo "2200"]

1.Nf3 b6 2.g3 c5 3.Bg2 Bb7 4.O-O Nf6 5.c4 e6 6.Nc3 a6 7.d4 cxd4 8.Qxd4 d6
9.Rd1 Nbd7 10.Ng5 Bxg2 11.Kxg2 Rc8 12.Nge4 Rc6 13.b3 h5 14.Ba3 Qa8 15.f3 Nxe4
16.Nxe4 Nc5 17.Nxc5 bxc5 18.Qf4 Be7 19.Bb2 O-O 20.Qe4 Re8 21.f4 Qc8 22.Qf3 h4
23.e4 Bf8 24.Rd2 a5 25.Rad1 a4 26.e5 d5 27.cxd5 h3+ 28.Kh1 exd5 29.Rxd5 c4
30.bxc4 Rxc4 31.Rd7 Rc2 32.Qd5 Qa8 33.Qxa8 Rxa8  1/2-1/2

[Event "Seefeld op"]
[Site "Seefeld"]
[Date "1996.??.??"]
[Round "?"]
[White "Santl, Anton"]
[Black "Mattick, Lutz"]
[Result "1-0"]
[WhiteElo "2230"]
[BlackElo "2275"]

1.Nf3 c5 2.c4 Nf6 3.g3 b6 4.Bg2 Bb7 5.O-O e6 6.Nc3 d6 7.d4 cxd4 8.Qxd4 a6
9.b3 Nbd7 10.Bb2 Qc7 11.Rac1 Be7 12.e4 O-O 13.Rfe1 Rac8 14.h3 Rfe8 15.Qe3 Qb8
16.Nd4 Bf8 17.Kh2 h5 18.f4 h4 19.gxh4 e5 20.Nf5 exf4 21.Qxf4 g6 22.Bf3 Ne5
23.Ng3 Bg7 24.Rcd1 d5 25.Bc1 dxc4 26.Nd5 Bxd5 27.exd5 cxb3 28.axb3 Nxf3+
29.Qxf3 Nh5 30.Rxe8+ Rxe8 31.Kg2 Nxg3 32.Qxg3 Re2+ 33.Kf3 Qe8 34.Qf4 Bh6
35.Qd4 Bg7 36.Qf4 Be5 37.Qc4 Rh2 38.Re1 Rxh3+ 39.Kg2 Rg3+ 40.Kf2 Qd7 41.Rxe5 Qh3
42.Re2 Rg4 43.Bf4 Qxh4+ 44.Ke3 g5 45.Qc8+ Kh7 46.Qf5+ Kg8 47.Be5 Qh3+ 48.Qf3 Rb4
49.Qxh3 Rxb3+ 50.Kd4 Rxh3 51.d6 Rh1 52.Kd5  1-0

[Event "Sochi"]
[Site "Sochi"]
[Date "1996.??.??"]
[Round "?"]
[White "Zhidkov, Valery S"]
[Black "Dragomarezkij, Evgeni"]
[Result "1/2-1/2"]
[WhiteElo "2385"]
[BlackElo "2455"]

1.Nf3 c5 2.g3 b6 3.Bg2 Bb7 4.O-O Nf6 5.c4 e6 6.b3 Be7 7.Bb2 O-O 8.d4 d5 9.cxd5 exd5
10.Nc3 Na6 11.Ne5 Nc7 12.e3 Ne6 13.Rc1 Rc8 14.Re1 Bd6 15.Ng4 Nxg4 16.Qxg4 cxd4
17.exd4 Re8 18.h4 g6 19.h5 Bf8 20.hxg6 hxg6 21.Rcd1 Bg7 22.Rd2 Bc6 23.Rde2 Qd6
24.Rd1 Nc7 25.Rde1 Bd7 26.Rxe8+ Rxe8 27.Rxe8+ Nxe8 28.Qg5 Bxd4 29.Qxd5 Qxd5
30.Bxd5 Nf6 31.Bf3  1/2-1/2

[Event "Rudenko mem"]
[Site "St Petersburg"]
[Date "1996.??.??"]
[Round "7"]
[White "Rakitskaja, M."]
[Black "Sidorova, Elena"]
[Result "1-0"]
[WhiteElo "2100"]
[BlackElo "2085"]

1.c4 Nf6 2.Nf3 c5 3.g3 b6 4.Bg2 Bb7 5.O-O e6 6.d4 cxd4 7.Nxd4 Bxg2 8.Kxg2 a6
9.a3 Qc7 10.Qd3 Be7 11.Nc3 O-O 12.e4 d6 13.b3 Nbd7 14.Bb2 Rac8 15.Rad1 Qb7
16.Rfe1 Rfe8 17.f4 Nc5 18.Qf3 e5 19.Nf5 Nxb3 20.Nd5 Nxd5 21.exd5 Na5 22.fxe5 Bf8
23.exd6 f6 24.Qg4 Kh8 25.Re7 Rxe7 26.dxe7 Qd7 27.exf8=Q+ Rxf8 28.Rd4 Re8
29.Re4 Rxe4 30.Qxe4 Nxc4 31.Qxc4 Qxf5 32.d6 h5 33.Qd4 Qd7 34.Qxb6 h4 35.h3 Qe6
36.Bd4 Qe4+ 37.Kh2 Qe2+ 38.Bf2 hxg3+ 39.Kxg3 Qd3+ 40.Kh2 Qd5 41.Qd4 Qc6 42.d7 Qc7+
43.Kg2 Qb7+ 44.Kg3 Qc7+ 45.Kg4 f5+ 46.Kxf5  1-0

[Event "Star Dojran"]
[Site "Star Dojran"]
[Date "1996.??.??"]
[Round "10"]
[White "Drasko, Milan"]
[Black "Cosma, Ioan"]
[Result "1-0"]
[WhiteElo "2505"]
[BlackElo "2420"]

1.Nf3 c5 2.c4 Nf6 3.g3 b6 4.Bg2 Bb7 5.O-O e6 6.Nc3 a6 7.d4 cxd4 8.Qxd4 d6
9.Bg5 Nbd7 10.Nd2 Bxg2 11.Kxg2 Qc7 12.Rfd1 Be7 13.Nde4 O-O 14.Rac1 Rfd8 15.f3 h6
16.Nxf6+ Nxf6 17.Be3 Rab8 18.Bf2 Qb7 19.b3 b5 20.cxb5 axb5 21.a4 bxa4 22.bxa4 Nd7
23.Rb1 Qa6 24.Qa7 Qxa7 25.Bxa7 Rbc8 26.Bd4 Rc4 27.a5 Ra8 28.Rb7 Bf6 29.Bxf6 Nxf6
30.Nb5 Nd5 31.Ra1 Ra6 32.e4 Rc2+ 33.Kg1 Ne3 34.Rb6 Ra8 35.a6 Rac8 36.Nd4 Rg2+
37.Kh1 Rd2 38.a7 Kh7 39.Rb8 Ra2 40.Re1  1-0

[Event "SUI-chT"]
[Site "SUI"]
[Date "1996.??.??"]
[Round "7"]
[White "Habibi, Ali"]
[Black "Milosevic, Goran"]
[Result "1/2-1/2"]
[WhiteElo "2405"]
[BlackElo "2380"]

1.Nf3 c5 2.g3 b6 3.Bg2 Bb7 4.O-O e6 5.c4 Nf6 6.b3 Be7 7.Bb2 O-O 8.Nc3 a6
9.d4 cxd4 10.Qxd4 d6 11.Rfd1 Qc7 12.Rac1 Nbd7 13.e4 Rfd8 14.Ne1 Rac8 15.Nc2 Qb8
16.Ne3 Bf8 17.Kh1 Qa8 18.f3 Bc6 19.Qd2 b5 20.Ne2 bxc4 21.bxc4 Bb7 22.Rb1 Ne5
23.Rdc1 Nxf3 24.Bxf3 Bxe4 25.Bg2 Bxg2+ 26.Nxg2 Ne4 27.Qe3 Rc5 28.Bd4 Rh5
29.Nc3 Nxc3 30.Rxc3 Rc8 31.Qe2 Ra5 32.h4 Qc6 33.Rbc1 Ra4 34.Kh2 h6 35.R3c2 Qd7
36.Be3 Qc6 37.Bf4 Ra3 38.Qg4 Kh7 39.Rf2 Qe4 40.Qe2 Qxe2 41.Rxe2 e5 42.Be3 Kg8
43.Rec2 f5 44.h5 Kf7 45.Bg1 Be7 46.Rf1 Ke6 47.Ne3 Rf8 48.Nd5 Bg5 49.Kg2 Rc8
50.Rd1 Rc6 51.Nb4 Rc8 52.c5 dxc5 53.Bxc5 Be7 54.Bxe7 Rxc2+ 55.Nxc2 Rxa2 56.Bf8 Rxc2+
57.Kh3 Kf7 58.Bd6 Ke6 59.Ba3 f4 60.Rd6+ Kf7 61.Rd7+ Kg8 62.Bd6 Rd2 63.gxf4 exf4
64.Kg4 Rd5 65.Rd8+ Kh7 66.Be7 Rxd8 67.Bxd8  1/2-1/2

[Event "SVK-chT9596"]
[Site "?"]
[Date "1996.??.??"]
[Round "10"]
[White "Pejko, Otomar"]
[Black "Zamecnik, Frantisek"]
[Result "1-0"]
[WhiteElo "2245"]
[BlackElo "2290"]

1.Nf3 Nf6 2.c4 e6 3.g3 b6 4.Bg2 Bb7 5.O-O c5 6.b3 Be7 7.Bb2 O-O 8.Na3 d6
9.Nc2 Qc7 10.d3 Nbd7 11.e4 Rad8 12.Qe2 Rfe8 13.Rae1 h6 14.Nd2 Nh7 15.f4 Bf6
16.Bxf6 Ndxf6 17.Rf2 Nd7 18.Bh3 Ndf8 19.Ne3 Re7 20.Qf1 a6 21.f5 f6 22.fxe6 Nxe6
23.Nf5 Ree8 24.Nb1 Nhg5 25.Bg4 Nf7 26.Bh5 Kh7 27.Bxf7 Qxf7 28.Nc3 Nf8 29.Rf4 Ng6
30.Nxh6 Qe6 31.Nf5 Nxf4 32.gxf4 g6 33.Re3 Qxf5 34.Rh3+ Qxh3 35.Qxh3+ Kg7
36.Qg3 Kf7 37.a4 Rh8 38.h4 Rh5 39.Kf2 Rdh8 40.f5 gxf5 41.Qxd6 R8h7 42.Qxb6 Kg6
43.e5  1-0

[Event "SWE-chT 9596"]
[Site "?"]
[Date "1996.??.??"]
[Round "?"]
[White "Eriksson, Magnus"]
[Black "Ornstein, Axel"]
[Result "0-1"]
[WhiteElo "2360"]
[BlackElo "2440"]

1.Nf3 Nf6 2.c4 c5 3.g3 b6 4.Bg2 Bb7 5.O-O e6 6.Nc3 Be7 7.Re1 O-O 8.e4 Nc6
9.d4 cxd4 10.Nxd4 Nxd4 11.Qxd4 d6 12.b3 Qb8 13.Bb2 Rd8 14.Rad1 Bf8 15.h3 Bc6
16.Bc1 Rd7 17.Be3 Qd8 18.g4 h6 19.Re2 Rc8 20.Red2 Qc7 21.Bf3 g5 22.h4 Bg7
23.Qd3 gxh4 24.g5 hxg5 25.Bxg5 Nh7 26.Bxh4 Be5 27.Bg2 f5 28.exf5 Rg7 29.f3 Rf8
30.fxe6 Rxf3 31.Nd5 Rxd3  0-1

[Event "SWE-chT 9596"]
[Site "?"]
[Date "1996.??.??"]
[Round "?"]
[White "Welin, Thomas"]
[Black "Astrom, Goran"]
[Result "1-0"]
[WhiteElo "2375"]
[BlackElo "2300"]

1.c4 Nf6 2.Nf3 c5 3.g3 b6 4.Bg2 Bb7 5.O-O e6 6.Nc3 Be7 7.Re1 d5 8.cxd5 Nxd5
9.e4 Nb4 10.d4 cxd4 11.Nxd4 N8c6 12.Nxc6 Bxc6 13.Qe2 O-O 14.Rd1 Qc8 15.a3 Na6
16.Bf4 Rd8 17.b4 Rxd1+ 18.Rxd1 Nc7 19.Rc1 Bd8 20.Qc4 Bb7 21.Nb5 e5 22.Nd6 Qd7
23.Nxb7 exf4 24.Nxd8  1-0

[Event "Tel Aviv Cup rapid"]
[Site "Tel Aviv"]
[Date "1996.??.??"]
[Round "2"]
[White "Alterman, Boris"]
[Black "Kogan, Artur"]
[Result "1-0"]
[WhiteElo "2585"]
[BlackElo "2485"]

1.Nf3 Nf6 2.c4 b6 3.g3 Bb7 4.Bg2 c5 5.O-O e6 6.Nc3 Be7 7.Re1 Ne4 8.Qc2 Nxc3
9.bxc3 f5 10.d4 Be4 11.Qa4 Qc8 12.Bf4 Nc6 13.Rad1 O-O 14.d5 exd5 15.cxd5 Na5
16.Ne5 Bxg2 17.Kxg2 d6 18.Nc6 Nxc6 19.dxc6 Qc7 20.e4 Rac8 21.e5 Qxc6+ 22.Qxc6 Rxc6
23.exd6 Bf6 24.h4 Kf7 25.c4 Rd8 26.a4 Rd7 27.Re2 h6 28.h5 Bg5 29.Bxg5 hxg5
30.Rd5 g6 31.hxg6+ Kxg6 32.Re6+ Kf7 33.Ree5 Rcxd6 34.Rxf5+ Ke7 35.Rxd6 Rxd6
36.Rxg5 Kf6 37.Rg8 Ke5 38.g4 Kd4 39.Re8 Kxc4 40.f4 Kd5 41.g5 Re6 42.Rf8 Kd6
43.f5 Ke7  1-0